Sant Martí : guia de l'Arxiu Municipal del Districte / [redacció: Glòria Mora] guia de l'Arxiu Municipal del Districte / [redacció:
Descripción Física:
[8] p. : il. ; 30 cm
MARC
| LEADER | 00000nam a2200000Ia 4500 | ||
|---|---|---|---|
| 001 | 14781 | ||
| 008 | 160829s9999 xx 000 0 cat d | ||
| 080 | |a FU-26-24 | ||
| 100 | |a Mora i Cruanyes, Glòria |9 38783 | ||
| 245 | |a Sant Martí : |b guia de l'Arxiu Municipal del Districte / [redacció: |b Glòria Mora] | ||
| 260 | |a [Barcelona] : |b Ajuntament de Barcelona, Regidoria de Presidència, [s.a.] | ||
| 300 | |a [8] p. : |b il. ; |c 30 cm | ||
| 650 | |a Arxiu Municipal del Districte de Sant Martí |x Guies |9 26294 | ||
| 710 | 2 | |a Arxiu Municipal de Barcelona |9 55021 | |
| 710 | 1 | |a Barcelona (Catalunya). |b Regidoria de Presidència |9 56270 | |
| 901 | |a Arxiu | ||
| 942 | |n 1 | ||
| 952 | |0 0 |1 0 |4 0 |6 FU2624 |7 1 |9 48593 |a Arxiu |b Arxiu |d 2016-12-01 |l 0 |o FU-26-24 |p 14781 |r 2016-12-01 00:00:00 |w 2016-12-01 |y ARXIU | ||
| 999 | |c 52423 |d 52423 | ||